|
|
|
|
| LEADER |
01119nam a2200277 a 4500 |
| 001 |
2050913 |
| 008 |
091217s1993 caua b s001 0 eng d |
| 010 |
|
|
|a 93021379
|
| 020 |
|
|
|a 0520201620
|
| 020 |
|
|
|a 0520082214 (alk. paper)
|
| 040 |
|
|
|a DLC
|c DLC
|d DLC
|d BD-DhAAL
|
| 082 |
0 |
0 |
|a 305.24/4
|2 20
|
| 100 |
1 |
|
|a Lock, Margaret M.
|
| 245 |
1 |
0 |
|a Encounters with aging :
|b mythologies of menopause in Japan and North America /
|c Margaret Lock.
|
| 260 |
|
|
|a Berkeley :
|b University of California Press,
|c c1993.
|
| 300 |
|
|
|a xliv, 440 p. :
|b ill. ;
|c 24 cm.
|
| 500 |
|
|
|a Errata slip inserted.
|
| 504 |
|
|
|a Includes bibliographical references (p. 401-428) and index.
|
| 541 |
1 |
|
|e 00010796
|
| 650 |
|
0 |
|a Middle-aged women
|z Japan.
|
| 650 |
|
0 |
|a Middle-aged women
|z North America.
|
| 650 |
|
0 |
|a Menopause
|z Japan.
|
| 650 |
|
0 |
|a Menopause
|z North America.
|
| 852 |
4 |
|
|a Ayesha Abed Library
|j General shelf
|
| 999 |
|
|
|c 6181
|d 6181
|
| 952 |
|
|
|0 0
|1 0
|2 ddc
|4 0
|6 305_244000000000000_LOC_1993
|7 0
|9 6199
|a BRACUL
|b BRACUL
|c GEN
|d 2009-12-17
|g 0.00
|l 0
|o 305.244 LOC
|p 3010010796
|r 2009-12-17
|t 1
|w 2009-12-17
|y BK
|x No price found in the accession register.
|